| 000 | 00672nam a2200181Ia 4500 | ||
|---|---|---|---|
| 008 | 100920s9999 xx 000 0 und d | ||
| 082 |
_b70940 _a491.462 थ 84 |
||
| 100 | _aटिेळेकर चंद्रसेन. | ||
| 245 | _aटिळेकरांच्या एकांकिका. | ||
| 260 |
_bअजब पुस्तकालय, कोल्हापूर. _c1984 |
||
| 300 |
_a69 _bसाधी |
||
| 365 | _b10 | ||
| 520 | _aनाटक. | ||
| 630 | _aटिळेकरांच्या एकांकिका. | ||
| 650 | _aनाटक. | ||
| 730 | _aटिळेकरांच्या एकांकिका. | ||
| 942 | _cBOOK | ||
| 999 |
_c712898 _d712895 |
||